000 01264nam a22002657a 4500
005 20120112143825.0
008 120112t xxu||||| |||| 00| 0 mar d
010 _aMAR-21861
020 _c320.00
_a9788184980455
035 _aMR-14519
037 _bDBAD/PUB
040 _aDPL
_bMR
082 _a823
100 _aब्राऊन,डॅन
_939079
245 _aएन्जल्स अँण्ड डेमन /
_cडॅन ब्राऊन ; बाळ भागवत द्वारा अनुवादित
246 _aAngels & Demons
_bby Dan Brown
260 _aपुणे
_bमेहता पब्लिशिंग हाऊस
_c2000
270 _a1941,सदाशिव पेठ,
_bपुणे
_e411030
300 _aआठ,439पृ.
_c21सेमी(अजिल्द)
650 _aअँग्रेजी कादंबरी
_xमराठी भाषा में अनुवादित
_939336
650 _aEnglish Fiction
_xTranslation into Marathi
_939337
700 _aभागवत,बाळ
_939333
942 _2ddc
_cMR
_mब्राऊन
_h823
999 _c61028
_d61028